[Event "USA-ch Juniors Open 2019"]
[Site "Saint Louis"]
[Date "2019.07.14"]
[Round "4.3"]
[White "Niemann, Hans Moke"]
[Black "Hilby, Craig"]
[Result "1-0"]
[WhiteElo "2467"]
[BlackElo "2433"]
[PlyCount "33"]
[EventDate "2019.07.09"]
[EventType "tourn"]
[EventCountry "USA"]
[TimeControl "40/5400+30:1800+30"]

1. Nf3 {[%emt 0:00:00]} Nf6 {[%emt 0:00:00]} 2. c4 {[%emt 0:00:00]} g6 {[%emt 0:00:00]} 3. Nc3 {[%emt 0:00:00]} d5 {[%emt 0:00:03]} 4. cxd5 {[%emt 0:00:00]} Nxd5 {[%emt 0:00:06]} 5. Qb3 {[%emt 0:00:00]} Nb6 {[%emt 0:00:46]} 6. d4 {[%emt 0:00:00]} Bg7 {[%emt 0:00:12]} 7. Bf4 {[%emt 0:00:02]} Be6 {[%emt 0:02:01]} 8. Qa3 {[%emt 0:00:10]} c5 {[%emt 0:01:08]} 9. e4 {[%emt 0:00:05]} cxd4 {[%emt 0:02:15]} 10. Nb5 {[%emt 0:00:02]} O-O {[%emt 0:00:07]} 11. Nc7 {[%emt 0:00:01]} Nc6 {[%emt 0:00:05]} 12. Nxa8 {[%emt 0:00:04]} Qxa8 {[%emt 0:00:04]} 13. Rc1 {[%emt 0:00:01]} f5 {[%emt 0:01:55]} 14. e5 {[%emt 0:00:01]} Nd5 {[%emt 0:00:05]} 15. Bd2 {[%emt 0:00:01]} Nxe5 {[%emt 0:00:05]} 16. Nxd4 {[%emt 0:00:02]} Nb6 {[%emt 0:00:06]} 17. Nxe6 {[%emt 0:00:04]} 1-0

[Event "USA-ch Juniors Open 2019"]
[Site "Saint Louis"]
[Date "2019.07.14"]
[Round "4.4"]
[White "Checa, Nicolas"]
[Black "Tang, Andrew"]
[Result "1-0"]
[WhiteElo "2506"]
[BlackElo "2495"]
[Annotator "TA"]
[PlyCount "75"]
[EventDate "2019.07.09"]
[EventType "tourn"]
[EventCountry "USA"]
[SourceTitle "playchess.com"]
[Source "ChessBase"]
[SourceQuality "1"]

{[%evp 18,75,9,6,23,18,17,18,36,24,43,21,45,41,85,86,107,110,97,104,159,151,151,152,154,150,147,147,150,175,171,166,182,183,169,112,110,111,111,114,109,106,120,107,113,107,111,103,528,527,1022,667,641,308,647,631,29986,1124,29996,1912]} 1. d4 Nf6 2. c4 e6 3. Nc3 d5 4. cxd5 exd5 5. Bg5 Be7 6. e3 c6 7. Bd3 Nbd7 {[%cal Bb8d7,Bd7f8,Bf8e6][%mdl 32]} 8. Qc2 Nf8 9. Nge2 Ne6 10. Bh4 h6 {D36: Queen's Gambit Declined: Exchange Variation: Main line (5 Bg5 c6 6 Qc2)} (10... g6 11. f3 b5 12. O-O O-O 13. Rad1 Re8 14. Qd2 a5 15. Bf2 Bd7 16. Rc1 Rc8 17. Rfe1 b4 18. Na4 c5 19. Nxc5 Nxc5 20. dxc5 Rxc5 {0-1 (56) Lenderman,A (2637)-Abasov,N (2627) Astana 2019}) 11. f3 O-O 12. O-O b6 {The position is equal.} 13. Rad1 Bb7 14. Kh1 Qc7 $146 ({Predecessor:} 14... Kh8 15. Bf5 Ne8 16. Bg3 {1-0 (49) Levin,E (2512)-Tkachev,I (2117) St Petersburg 2012}) 15. Bf5 c5 16. dxc5 Qxc5 {[#]} 17. Bxe6 $1 fxe6 {[#]} 18. Nf4 $1 Qc8 (18... Rf7 $142) 19. Ng6 $1 $16 {[%csl LRe7,LRf8][%mdl 64] Double Attack} Re8 20. Nxe7+ Rxe7 21. Bxf6 $1 gxf6 22. Qg6+ Rg7 23. Qxf6 Kh7 24. e4 dxe4 25. fxe4 Qc6 26. Rd3 (26. Qe5 $18) 26... Rag8 27. Rh3 {[%csl Gf6][%cal Rh3h6]} Rg6 28. Qe7+ $40 {[%mdl 128] White is out for blood.} R8g7 29. Rf7 Rxf7 30. Qxf7+ Rg7 31. Qf4 Rg6 32. Rd3 {And now Rd8 would win.} b5 $2 {[%mdl 8192]} (32... Qe8 $16 {is more resistant.}) 33. Rd8 $18 {Strongly threatening Qb8.} b4 34. Qf8 {[%csl Gd8][%cal Rf8h8]} Rg7 35. Qh8+ Kg6 36. Rd3 {Intending Rg3+ and mate.} Qc4 37. Ne2 (37. Rg3+ $142 Kh5 38. Qe8+ Kh4 39. Qd8+ Rg5 40. Rh3+ Kg4 41. Qd1+ Qe2 42. Qxe2+ Kf4 43. Qe3+ Ke5 44. Qc5+ {[%mdl 64] Double Attack} Kf6 45. Rxh6+ Rg6 46. Qf8+ Ke5 47. Rh5+ Rg5 48. Rxg5+ Kd4 49. Qf2+ Kc4 50. Qe2+ Kd4 51. Nb5#) 37... Rf7 38. Qg8+ {Accuracy: White = 66%, Black = 43%.} (38. Rg3+ $142 Kh5 39. Rh3+ Kg5 40. Qxh6+ Kg4 41. Qh5#) 1-0

[Event "USA-ch Juniors Open 2019"]
[Site "Saint Louis"]
[Date "2019.07.14"]
[Round "4.5"]
[White "Jacobson, Brandon"]
[Black "Yu, Jennifer"]
[Result "1-0"]
[WhiteElo "2456"]
[BlackElo "2341"]
[Annotator "TA"]
[PlyCount "57"]
[EventDate "2019.07.09"]
[EventType "tourn"]
[EventCountry "USA"]
[SourceTitle "playchess.com"]
[Source "ChessBase"]
[SourceQuality "1"]

{[%evp 18,57,56,40,88,79,79,86,84,87,103,74,74,75,73,54,59,58,77,70,68,67,76,37,68,55,63,54,62,68,87,92,341,333,1175,1156,1166,1127,1134,1123,1131,1112]} 1. c4 c5 2. Nf3 Nf6 3. Nc3 Nc6 4. d4 cxd4 5. Nxd4 g6 6. e4 Bg7 7. Be3 O-O 8. Be2 d6 9. O-O Nd7 10. Qd2 Nde5 {B38: Sicilian: Maroczy Bind with 5...Bg7 and 7...0-0} (10... Nc5 11. f3 Ne6 12. Nxe6 Bxe6 13. Nd5 b6 14. Rac1 Rc8 15. f4 Qd7 16. b4 Rfd8 17. a3 Rf8 18. Kh1 f5 19. Bf3 {1-0 (53) Krush,I (2431)-Vo,T (2380) Riadh 2017}) 11. f4 Nxd4 12. Bxd4 Nc6 {White is better.} 13. Bxg7 Kxg7 14. Kh1 $146 ({Predecessor:} 14. f5 Qb6+ 15. Kh1 Qd4 16. Qe1 Qe5 17. Rd1 gxf5 18. Rd5 {1-0 (31) Lopez Hernandez,C (2321)-Gutierrez Herrera,J (2142) Medellin 2014}) 14... f6 15. Rad1 Be6 16. a3 {[%cal Ba2a3,Ba3a4][%mdl 32]} Rc8 17. b4 b6 18. Qe3 Qc7 19. Nd5 Qb7 20. Rb1 Nd8 21. a4 Bf7 22. Rfd1 Qd7 23. Ra1 Nc6 {[#]} 24. c5 $1 e6 $2 {[#]} (24... bxc5 $16 25. bxc5 dxc5) 25. Nxf6 $1 $18 {[%mdl 512]} Kxf6 $2 (25... Qe7 26. e5 (26. cxb6 Qxf6 27. b5 axb6 $16) 26... dxe5) 26. Qc3+ {White is clearly winning.} Ke7 27. cxd6+ Kd8 28. Rac1 Be8 29. Ba6 {Accuracy: White = 54%, Black = 45%.} 1-0

[Event "USA-ch Juniors Open 2019"]
[Site "Saint Louis"]
[Date "2019.07.15"]
[Round "5.1"]
[White "Yu, Jennifer"]
[Black "Vaidya, Atulya"]
[Result "0-1"]
[WhiteElo "2341"]
[BlackElo "2118"]
[Annotator "RC"]
[PlyCount "82"]
[EventDate "2019.07.09"]
[EventType "tourn"]
[EventCountry "USA"]
[TimeControl "40/5400+30:1800+30"]

1. Nf3 {[%emt 0:00:00]} f5 {[%emt 0:00:00]} 2. c4 {[%emt 0:02:02]} g6 {[%emt 0:00:00]} 3. Nc3 {[%emt 0:02:15]} Nf6 {[%emt 0:00:03]} 4. g3 {[%emt 0:00:39]} Bg7 {[%emt 0:00:11]} 5. Bg2 {[%emt 0:00:25]} d6 {[%emt 0:00:13]} 6. O-O {[%emt 0:03:00]} O-O {[%emt 0:00:34]} 7. d3 {[%emt 0:01:48]} c6 {[%emt 0:01:12]} 8. Rb1 {[%emt 0:03:14]} a5 {[%emt 0:01:38]} 9. a3 {[%emt 0:00:42]} Re8 {[%emt 0:07:43]} 10. e4 {[%emt 0:06:24]} e5 {[%emt 0:09:26]} 11. b4 {[%emt 0:02:15]} Na6 {[%emt 0:04:15]} 12. Qb3 {[%emt 0:13:25]} h6 {[%emt 0:04:07]} 13. Nh4 {[%emt 0:02:34]} Kh7 {[%emt 0:00:35]} 14. exf5 {[%emt 0:10:34]} g5 {[%emt 0:01:11]} 15. Nf3 {[%emt 0:01:46]} Bxf5 {[%emt 0:02:16]} 16. Ne1 {[%emt 0:03:50]} Rb8 {[%emt 0:06:34]} 17. Ne4 {[%emt 0:02:26]} axb4 {[%emt 0:04:37]} 18. axb4 {[%emt 0:00:22]} Nc7 {[%emt 0:00:34]} 19. Be3 {[%emt 0:09:21]} Qd7 {[%emt 0:07:19]} 20. Nc2 {[%emt 0:02:24]} d5 {[%emt 0:01:12]} 21. Nxf6+ {[%emt 0:07:50]} Bxf6 {[%emt 0:00:13]} 22. cxd5 {[%emt 0:03:52]} cxd5 {[%emt 0:01:31]} 23. Ba7 {[%emt 0:05:47]} Rbc8 {[%emt 0:01:09]} 24. b5 Be6 {[%emt 0:05:37]} 25. d4 {[%emt 0:08:22]} e4 {[%emt 0:03:04]} 26. f3 {[%emt 0:01:48]} exf3 {[%emt 0:02:47]} 27. Rxf3 {[%emt 0:00:47]} Bg7 {[%emt 0:00:30]} 28. Qd3+ {[%emt 0:01:19]} Kh8 {[%emt 0:00:09]} 29. Bc5 {[%emt 0:01:03]} Bg4 {[%emt 0:00:39]} 30. Rf2 {[%emt 0:00:27]} Ne6 {[%emt 0:02:04]} 31. Ba3 {[%emt 0:03:33]} Bh5 {[%emt 0:04:51]} 32. Bb2 {[%emt 0:00:47]} Nf8 {[%emt 0:00:07]} 33. Ne3 {[%emt 0:00:18]} Bg6 {[%emt 0:00:37]} 34. Nf5 {[%emt 0:00:02]} Ne6 {[%emt 0:00:56]} 35. Qb3 {[%emt 0:01:29]} Bxf5 {[%emt 0:00:36]} 36. Rxf5 {[%emt 0:00:04]} Nf4 {[%emt 0:01:29]} 37. Rxf4 {[%emt 0:00:53]} gxf4 {[%emt 0:00:08]} 38. gxf4 {[%emt 0:00:08]} Qf5 {[%emt 0:00:18]} 39. Rf1 {[%emt 0:00:39]} Rc4 {[%emt 0:00:10]} 40. Kh1 {[%emt 0:00:00]} Re2 {[%emt 0:00:00]} 41. Bf3 {[%emt 0:08:37]} Qh3 {[%emt 0:00:45]} 0-1

[Event "USA-ch Juniors Open 2019"]
[Site "Saint Louis"]
[Date "2019.07.15"]
[Round "5.2"]
[White "Tang, Andrew"]
[Black "Jacobson, Brandon"]
[Result "1-0"]
[WhiteElo "2495"]
[BlackElo "2456"]
[Annotator "TA"]
[PlyCount "135"]
[EventDate "2019.07.09"]
[EventType "tourn"]
[EventCountry "USA"]
[SourceTitle "playchess.com"]
[Source "ChessBase"]
[SourceQuality "1"]

{[%evp 10,135,2,0,-3,0,0,1,0,-10,-13,-5,0,-14,18,22,21,14,13,9,9,16,20,18,0,0,5,5,10,15,88,88,84,18,10,20,9,4,6,6,6,8,8,7,32,0,0,0,25,25,31,26,35,25,25,25,25,18,25,11,18,5,5,5,14,11,16,11,50,33,50,56,58,50,76,75,90,75,79,73,80,35,37,37,118,118,129,83,90,90,90,73,90,90,90,90,90,90,90,90,90,90,81,0,90,90,96,96,75,91,52,0,0,0,0,8,8,8,8,8,8,8,29979,29979,29979,29982,29981,29982]} 1. d4 Nf6 2. c4 e6 3. Nc3 Bb4 4. Qc2 O-O 5. Nf3 d5 6. Bg5 c5 {E32: Nimzo-Indian: Classical (4 Qc2): 4...0-0} (6... h6 7. Bxf6 Qxf6 8. a3 Bxc3+ 9. Qxc3 dxc4 10. Qxc4 Nc6 11. Qc3 Re8 12. Ne5 Rb8 13. g3 Rd8 14. e3 Nxe5 15. dxe5 {0-1 (110) Topalov,V (2740)-Ding,L (2812) Shamkir 2019}) 7. cxd5 exd5 8. dxc5 h6 {The position is equal.} 9. Bh4 Nbd7 ({Don't play} 9... Bxc5 10. Bxf6 Qxf6 11. Nxd5 $14) 10. e3 g5 11. Bg3 Ne4 12. Bd6 Re8 $146 ({Predecessor:} 12... Qa5 13. Bd3 Nxc3 14. O-O Re8 15. bxc3 Bxc5 {½-½ (53) Saduakassova,D (2472)-Van Foreest,L (2502) Wijk aan Zee 2019}) 13. Bd3 Ndxc5 14. Bxc5 Bxc3+ 15. bxc3 Nxc5 16. O-O Bd7 17. Nd4 Rc8 18. Bh7+ Kh8 19. Bf5 Qf6 (19... Rc7 $11 {keeps the balance.}) 20. Bxd7 $16 Nxd7 21. Rad1 (21. Qa4 $16 Nc5 22. Qxa7) 21... Nc5 22. Ne2 Red8 23. Rd4 Ne6 24. Rd2 d4 25. exd4 Nxd4 26. Nxd4 Rxd4 27. Rxd4 (27. cxd4 $5 {[%cal Rc2c8]} Rxc2 28. Rxc2 $11) 27... Qxd4 $11 {[%mdl 4096] Endgame KQR-KQR} 28. Qf5 Qxc3 29. Qxf7 Qg7 30. Qe6 Rf8 31. Rd1 Qf6 32. Qe3 b6 33. h3 Kg7 34. Rd4 Rd8 35. Re4 {Threatening Re7+.} Rd1+ 36. Kh2 Rd7 37. h4 Rf7 38. hxg5 Qxg5 39. Qe2 {Hoping for Rg4.} (39. Qe1 {is more complex.} Qh5+ 40. Kg1 Rd7 41. Qc3+ Kh7 42. Re1) 39... Kh7 40. g3 Qc5 41. Re3 Qf5 42. Kg1 Qb1+ 43. Kg2 $1 Qg6 44. Re6 Qf5 45. Qe3 Qd5+ 46. f3 Qg5 (46... Rxf3 $1 $14 47. Qxh6+ Kg8) 47. Qe4+ Kg7 48. f4 Qf5 49. Qd4+ Kh7 50. Qd6 Qh5 51. Qd3+ Kg7 52. Qd4+ Kh7 53. Re8 Rg7 54. Qd8 {White wants to mate with Rh8+.} Rg8 55. Qd7+ Rg7 56. Qd8 {Intending Rh8+ and mate.} Rg8 $1 57. Qd3+ Qg6 58. Re7+ Rg7 59. Qxg6+ Kxg6 60. Rxg7+ (60. Re6+ $14 Kh7 61. Kh3) 60... Kxg7 $16 {K3P-K3P} 61. g4 Kg6 62. Kf3 h5 $1 {[%cal Rh5h4]} 63. gxh5+ Kxh5 64. Ke4 Kg6 65. Ke5 {Threatens to win with Ke6.} Kf7 $2 {[%mdl 8192]} (65... b5 $11) 66. Kd6 {White mates.} Kf6 {[#]} 67. Kc6 $1 Kf5 {[#]} 68. a4 $1 {Accuracy: White = 69%, Black = 63%.} 1-0

[Event "USA-ch Juniors Open 2019"]
[Site "Saint Louis"]
[Date "2019.07.15"]
[Round "5.3"]
[White "Hilby, Craig"]
[Black "Checa, Nicolas"]
[Result "0-1"]
[WhiteElo "2433"]
[BlackElo "2506"]
[Annotator "TA"]
[PlyCount "82"]
[EventDate "2019.07.09"]
[EventType "tourn"]
[EventCountry "USA"]
[SourceTitle "playchess.com"]
[Source "ChessBase"]
[SourceQuality "1"]

{[%evp 10,82,11,-8,-13,-11,-22,-30,-26,-16,-6,-43,-35,-45,-43,-58,-13,-7,0,-8,-10,-216,-220,-233,-205,-320,-330,-325,-309,-313,-323,-281,-57,-52,-61,-132,-139,-157,-157,-157,-157,-157,-157,-173,-172,-169,-166,-166,-165,-158,0,-166,-172,-166,-156,-154,-145,-243,-215,-243,-243,-299,-299,-282,-215,-461,-427,-659,-429,-415,-408,-408,-363,-337,-318]} 1. d4 Nf6 2. c4 e6 3. Nf3 d5 4. g3 Bb4+ 5. Nbd2 dxc4 6. Bg2 b5 {E04: Open Catalan: 5 Nf3} 7. O-O O-O 8. a4 c6 {Black has an edge.} 9. axb5 (9. b3 c3 10. Nb1 Bb7 11. Qc2 c5 12. Nxc3 cxd4 13. Nxb5 Nc6 14. Qc4 Qe7 15. Nbxd4 {1-0 (33) Caruana,F (2819)-Naiditsch,A (2695) Karlsruhe/Baden Baden 2019}) 9... cxb5 10. Ng5 (10. Ne1 $5 {[%cal Rg2a8]} Nd5 11. Nc2 $11) 10... Nd5 11. e4 $1 {[%cal Re4d5]} Nc7 ({Of course not} 11... Qxg5 $6 12. Nxc4 Qd8 13. exd5 $14) 12. Nxh7 Kxh7 13. e5 g6 14. Bxa8 Nxa8 {[#]} 15. Rxa7 $146 (15. Qf3 $1 $11) ({Predecessor:} 15. Qf3) 15... Qxd4 $19 {[%mdl 64] Double Attack} 16. Rxa8 Bb7 17. Ra1 (17. Rxb8 $142 Rxb8 18. Nf3) 17... Rd8 18. Qe2 {and if Nf3 works, White does fine.} Bxd2 19. Rd1 {[%cal Re2d2]} Qd5 {[%csl Gb7][%cal Rd5h1]} 20. f3 {[%cal Rd1d2] [#]} Nc6 $2 ({Black should try} 20... Qc5+ $1 $19 21. Qf2 Qxf2+ 22. Kxf2 {[#]} Ba5 $1 {[%mdl 512]} 23. Rxd8 Bxd8) 21. Rxd2 $15 Nd4 $40 {[%mdl 128] Black attacks.} 22. Rxd4 (22. Kf2 $1 $15 Nxe2 23. Rxd5 Rxd5 24. Kxe2) 22... Qxd4+ $17 23. Kg2 Qd1 24. Qxd1 Rxd1 {[%mdl 4096] Endgame KRB-KRB} 25. Kf2 Bd5 26. h4 b4 27. Ke2 Rh1 28. Kf2 Kg8 29. Ke2 Kh7 30. Kf2 $1 b3 31. Ke3 Rf1 32. Kd4 Rxf3 33. Bg5 (33. Bf4 $17 {might work better.}) 33... Rd3+ $19 34. Kc5 c3 35. bxc3 Rxc3+ 36. Kd4 Rxg3 37. Bf6 $2 (37. Rf1) 37... Kh6 38. Rf1 (38. Rb1 $142 Kh5 39. Rb2) 38... Rg2 {White must now prevent ...b2.} 39. Kc3 Rc2+ 40. Kb4 Kh5 {And now ...b2 would win.} 41. Bg5 Re2 {Accuracy: White = 56%, Black = 79%.} 0-1

[Event "USA-ch Juniors Open 2019"]
[Site "Saint Louis"]
[Date "2019.07.15"]
[Round "5.4"]
[White "Liang, Awonder"]
[Black "Niemann, Hans Moke"]
[Result "1-0"]
[WhiteElo "2592"]
[BlackElo "2467"]
[PlyCount "47"]
[EventDate "2019.07.09"]
[EventType "tourn"]
[EventCountry "USA"]

{[%evp 10,46,12,13,0,0,10,21,28,20,46,36,43,35,45,33,45,45,66,56,56,57,58,46,90,81,66,15,51,51,47,53,38,61,104,120,305,253,29999]} 1. e4 c5 2. Nf3 Nc6 3. Bb5 e6 4. Bxc6 bxc6 5. d3 Ne7 6. Qe2 d6 {B30: Sicilian: 2...Nc6 3 Bb5, lines without ...g6} 7. O-O (7. e5 dxe5 8. Qxe5 Ng6 9. Qe4 Qd5 10. Nc3 Qxe4+ 11. Nxe4 f5 12. Ned2 Be7 13. Nc4 Ba6 14. Nfe5 Nxe5 15. Nxe5 {½-½ (43) Onischuk,V (2637)-Yu,Y (2751) Riadh 2017}) 7... e5 8. c3 Ba6 $146 {The position is equal.} ({Predecessor:} 8... Ng6 9. d4 cxd4 10. cxd4 Be7 11. dxe5 dxe5 12. Be3 Qa5 13. Rd1 O-O {1-0 (46) Krantz,C (2233)-Karlsson,U (1978) Malmo 2013}) 9. Rd1 g6 10. Qc2 Bg7 11. d4 cxd4 12. cxd4 exd4 13. Nxd4 Bb7 14. Bf4 O-O 15. Nb3 Nc8 16. Nc3 Qf6 17. Qd2 a5 18. a4 (18. e5 $14 dxe5 19. Be3) 18... Qe6 19. Nd4 Qe7 20. Bh6 Bxh6 21. Qxh6 Nb6 {[#]} 22. Rd3 $1 {Black must now prevent Nf5!} Qe5 $2 {[#]} (22... Rfd8 $16 {might work better.}) 23. Nf5 $1 $18 {[%mdl 512] Rh3 would kill now.} f6 $2 (23... Rfe8 $18) (23... gxf5 24. f4) 24. Qg7# {Accuracy: White = 74%, Black = 39%.} 1-0

[Event "USA-ch Juniors Open 2019"]
[Site "Saint Louis"]
[Date "2019.07.15"]
[Round "5.5"]
[White "Sheng, Joshua"]
[Black "Burke, John M"]
[Result "1-0"]
[WhiteElo "2449"]
[BlackElo "2562"]
[Annotator "TA"]
[PlyCount "77"]
[EventDate "2019.07.09"]
[EventType "tourn"]
[EventCountry "USA"]
[SourceTitle "playchess.com"]
[Source "ChessBase"]
[SourceQuality "1"]

{[%evp 12,77,33,36,43,40,46,40,62,13,16,0,63,20,15,10,16,14,12,22,33,0,0,0,0,-7,28,39,56,48,62,54,52,45,61,30,96,41,59,8,20,0,0,-43,15,-86,0,0,18,0,0,0,81,89,95,93,1826,919,1478,437,5616,5608,5583,5561,5531,5516,5181,5069]} 1. c4 c6 2. Nf3 g6 3. d4 Bg7 4. e4 d6 5. h3 Nf6 6. Nc3 O-O 7. Bd3 Na6 {E90: King's Indian: Classical: Early deviations and 6 h3} 8. Be3 e5 9. d5 Nh5 {White is slightly better.} 10. g3 cxd5 11. cxd5 Bd7 $146 (11... Qe7 $11) ({Predecessor:} 11... Nc5 12. Be2 f5 13. exf5 gxf5 14. Ng5 Nf6 15. Bxc5 dxc5 {0-1 (36) Salem,A (2656)-Banikas,H (2568) Doha 2016}) 12. Nd2 Nb4 13. Bb1 b5 14. a3 Na6 15. Bd3 b4 16. Bxa6 bxc3 17. bxc3 Qa5 18. Be2 Qxc3 19. Rc1 $36 {[%mdl 2048] White has the initiative.} Qxa3 20. Nc4 Qb4+ 21. Bd2 Qb8 22. Rb1 Qd8 23. Nxd6 (23. Ba5 $5 {[%cal Ra5d8]} Qf6 24. Rb7 $16) 23... Qf6 (23... Rb8 $11) 24. Nb7 (24. Nc4 $16) 24... Rfb8 $14 25. Ba5 (25. Be3 $14) 25... Bf8 $1 $11 26. Qc2 Rc8 27. Qd3 Rab8 (27... a6 $1 $15 28. Qe3 Bb5) 28. Bg4 (28. d6 $11 {keeps the balance.}) 28... Rxb7 (28... Bxg4 $17 29. hxg4 Rxb7 30. Rxb7 Rc1+ 31. Ke2 Rxh1 32. gxh5 Bc5) 29. Rxb7 Bxg4 30. hxg4 {[#] Strongly threatening 0-0.} Rc1+ 31. Ke2 Nxg3+ (31... Rxh1 $11 {remains equal.} 32. gxh5 Bc5) 32. Qxg3 $16 Rxh1 33. Rxa7 {Black must now prevent g5.} Bc5 $2 {[%mdl 8192]} (33... h6 $16) 34. Ra8+ {White is clearly winning.} Kg7 35. Bc7 (35. g5 $142 Qd6 36. Bd8) 35... Bd4 (35... Qg5 $142) 36. g5 $18 Qf4 37. Qxf4 exf4 38. d6 {[#] d7 would kill now.} Be5 39. Re8 {Accuracy: White = 32%, Black = 41%.} 1-0

[Event "USA-ch Juniors Open 2019"]
[Site "Saint Louis"]
[Date "2019.07.17"]
[Round "6.1"]
[White "Vaidya, Atulya"]
[Black "Burke, John M"]
[Result "1/2-1/2"]
[WhiteElo "2118"]
[BlackElo "2562"]
[Annotator "ChessBase"]
[PlyCount "102"]
[EventDate "2019.07.09"]
[EventType "tourn"]
[EventCountry "USA"]
[SourceTitle "playchess.com"]
[Source "ChessBase"]
[SourceQuality "1"]
[TimeControl "40/5400+30:1800+30"]

1. d4 {[%emt 0:00:00]} Nf6 {[%emt 0:00:00]} 2. c4 {[%emt 0:00:00]} e6 {[%emt 0:00:00]} 3. Nf3 {[%emt 0:00:00]} d5 {[%emt 0:00:00]} 4. cxd5 {[%emt 0:00:08]} exd5 {[%emt 0:00:00]} 5. Qc2 {[%emt 0:00:09]} Nc6 {[%emt 0:03:14]} 6. a3 {[%emt 0:05:28]} Bd6 {[%emt 0:02:50]} 7. Bg5 {[%emt 0:00:25]} h6 {[%emt 0:00:25]} 8. Bh4 {[%emt 0:03:43]} Qe7 {[%emt 0:04:08]} 9. Bxf6 {[%emt 0:14:23]} Qxf6 {[%emt 0:00:17]} 10. e3 {[%emt 0:00:21]} Ne7 {[%emt 0:06:53]} 11. Bd3 {[%emt 0:00:53]} g5 {[%emt 0:08:30]} 12. Nc3 {[%emt 0:08:09]} g4 {[%emt 0:02:50]} 13. Nd2 {[%emt 0:02:22]} c6 {[%emt 0:00:56]} 14. b4 {[%emt 0:05:08]} Nf5 {[%emt 0:10:33]} 15. g3 {[%emt 0:15:13]} Kf8 {[%emt 0:11:55]} 16. Nb3 {[%emt 0:03:26]} Kg7 {[%emt 0:00:51]} 17. Qe2 {[%emt 0:01:27]} h5 {[%emt 0:01:22]} 18. Rf1 {[%emt 0:04:42]} Re8 {[%emt 0:02:52]} 19. Kd2 {[%emt 0:03:20]} b6 {[%emt 0:03:32]} 20. h3 {[%emt 0:00:27]} Qg5 {[%emt 0:01:14]} 21. hxg4 {[%emt 0:00:29]} hxg4 {[%emt 0:00:52]} 22. f4 {[%emt 0:08:21]} gxf3 {[%emt 0:06:24]} 23. Rxf3 {[%emt 0:00:13]} c5 {[%emt 0:02:46]} 24. bxc5 {[%emt 0:09:01]} bxc5 {[%emt 0:00:34]} 25. Nb5 {[%emt 0:01:35]} a6 {[%emt 0:14:06]} 26. Rxf5 {[%emt 0:02:41]} Bxf5 {[%emt 0:00:14]} 27. Nxd6 {[%emt 0:00:06]} Bxd3 {[%emt 0:00:04]} 28. Nxe8+ {[%emt 0:00:07]} Rxe8 {[%emt 0:00:05]} 29. Qxd3 {[%emt 0:00:04]} c4 {[%emt 0:00:09]} 30. Qc3 {[%emt 0:00:07]} cxb3 {[%emt 0:01:00]} 31. Qxb3 {[%emt 0:00:06]} Re4 {[%emt 0:03:41]} 32. Qc3 {[%emt 0:01:29]} Rg4 {[%emt 0:01:15]} 33. Rg1 {[%emt 0:00:45]} Rxg3 {[%emt 0:00:06]} 34. Rxg3 {[%emt 0:00:06]} Qxg3 {[%emt 0:00:03]} 35. Qc6 {[%emt 0:00:47]} Qf2+ {[%emt 0:01:13]} 36. Kd3 {[%emt 0:00:09]} Qg2 {[%emt 0:02:02]} 37. Qd6 {[%emt 0:00:20]} a5 {[%emt 0:02:44]} 38. Qe5+ {[%emt 0:00:22]} Kg6 {[%emt 0:00:18]} 39. Qd6+ {[%emt 0:00:34]} f6 {[%emt 0:00:18]} 40. Qf8 {[%emt 0:00:00]} Qf1+ {[%emt 0:00:00]} 41. Kd2 {[%emt 0:00:28]} Qg2+ {[%emt 0:01:49]} 42. Kd3 {[%emt 0:00:08]} Qe4+ {[%emt 0:00:35]} 43. Kd2 {[%emt 0:00:09]} Kf5 {[%emt 0:01:08]} 44. Qc8+ {[%emt 0:01:04]} Qe6 {[%emt 0:00:05]} 45. Qc7 {[%emt 0:00:05]} Qg8 {[%emt 0:03:42]} 46. Qf4+ {[%emt 0:00:56]} Ke6 {[%emt 0:00:06]} 47. Qc7 {[%emt 0:00:12]} Qg2+ {[%emt 0:00:23]} 48. Kd3 {[%emt 0:00:10]} Qf1+ {[%emt 0:01:38]} 49. Kd2 {[%emt 0:00:07]} Qa6 {[%emt 0:00:55]} 50. Qd8 {[%emt 0:01:02]} Qb5 {[%emt 0:04:30]} 51. Qg8+ {[%emt 0:00:22]} Ke7 {[%emt 0:00:20]} 1/2-1/2

[Event "USA-ch Juniors Open 2019"]
[Site "Saint Louis"]
[Date "2019.07.17"]
[Round "6.2"]
[White "Niemann, Hans Moke"]
[Black "Sheng, Joshua"]
[Result "0-1"]
[WhiteElo "2467"]
[BlackElo "2449"]
[Annotator "ChessBase"]
[PlyCount "60"]
[EventDate "2019.07.09"]
[EventType "tourn"]
[EventCountry "USA"]
[SourceTitle "playchess.com"]
[Source "ChessBase"]
[SourceQuality "1"]
[TimeControl "40/5400+30:1800+30"]

1. Nf3 {[%emt 0:00:00]} d5 {[%emt 0:00:00]} 2. c4 {[%emt 0:00:00]} d4 {[%emt 0:00:57]} 3. g3 {[%emt 0:05:15]} Nc6 {[%emt 0:01:14]} 4. Bg2 {[%emt 0:02:33]} e5 {[%emt 0:00:15]} 5. d3 {[%emt 0:00:04]} Bb4+ {[%emt 0:00:33]} 6. Bd2 {[%emt 0:00:38]} Bxd2+ {[%emt 0:04:43]} 7. Nbxd2 {[%emt 0:01:03]} a5 {[%emt 0:02:19]} 8. a3 {[%emt 0:02:52]} a4 {[%emt 0:03:52]} 9. b4 {[%emt 0:00:50]} axb3 {[%emt 0:00:12]} 10. Qxb3 {[%emt 0:00:06]} Nf6 {[%emt 0:00:41]} 11. O-O {[%emt 0:00:33]} Nd7 {[%emt 0:03:54]} 12. Ne1 {[%emt 0:07:46]} O-O {[%emt 0:05:29]} 13. Qb5 {[%emt 0:01:28]} Ra6 {[%emt 0:10:12]} 14. f4 {[%emt 0:12:34]} Rb6 {[%emt 0:06:45]} 15. Qd5 {[%emt 0:00:50]} Rb2 {[%emt 0:01:52]} 16. Nef3 {[%emt 0:02:05]} Ne7 {[%emt 0:07:33]} 17. Qa5 {[%emt 0:00:05]} b6 {[%emt 0:01:15]} 18. Qa4 {[%emt 0:00:55]} exf4 {[%emt 0:04:46]} 19. Qd1 {[%emt 0:04:06]} Nc5 {[%emt 0:03:45]} 20. gxf4 {[%emt 0:01:13]} Nf5 {[%emt 0:00:58]} 21. Qc1 {[%emt 0:00:23]} Na4 {[%emt 0:00:28]} 22. Rf2 {[%emt 0:01:24]} Ne3 {[%emt 0:03:39]} 23. Ne1 {[%emt 0:05:18]} Ng4 {[%emt 0:09:00]} 24. Rf1 {[%emt 0:04:29]} Qe7 {[%emt 0:00:58]} 25. Ne4 {[%emt 0:01:53]} Rxe2 {[%emt 0:01:00]} 26. Ng3 {[%emt 0:03:28]} Nc3 {[%emt 0:02:14]} 27. Nf3 {[%emt 0:01:14]} Bb7 {[%emt 0:01:16]} 28. h3 {[%emt 0:01:49]} Ne3 {[%emt 0:02:16]} 29. Rf2 {[%emt 0:00:26]} Rxf2 {[%emt 0:01:11]} 30. Kxf2 {[%emt 0:00:03]} Qd6 {[%emt 0:01:15]} 0-1